000 00356nam a22001577a 4500
003 SGT
020 _a13:978-1-60547-714-5
082 _a 618.92, P12B
100 _aBARKOVICH, A, JAMES
245 _aPEDIATRIC NEUROIMAGING
250 _a5TH
260 _aPHILADELPHIA
_bWOLTERS KLUWER
_c2012
300 _a1125
650 _aPEDIATRIC
942 _2ddc
_cBK
999 _c8422
_d8422